Gajadā Pañjāba / (Record no. 55816)

MARC details
000 -LEADER
fixed length control field 00636cam a22002294a 4500
001 - CONTROL NUMBER
control field sa 63004705
003 - CONTROL NUMBER IDENTIFIER
control field DLC
005 - DATE AND TIME OF LATEST TRANSACTION
control field 20260227111951.0
008 - FIXED-LENGTH DATA ELEMENTS--GENERAL INFORMATION
fixed length control field 940804s1963 ii 000 0 pano
010 ## - LIBRARY OF CONGRESS CONTROL NUMBER
LC control number sa 63004705
025 ## - OVERSEAS ACQUISITION NUMBER
Overseas acquisition number PL480:I-Pu-232
035 ## - SYSTEM CONTROL NUMBER
System control number (OCoLC)30883512
040 ## - CATALOGING SOURCE
Original cataloging agency DLC
Transcribing agency DLC
050 00 - LIBRARY OF CONGRESS CALL NUMBER
Classification number PK2659.A548
Item number G35 1963
100 0# - MAIN ENTRY--PERSONAL NAME
Personal name Anūpa Siṅgha.
245 10 - TITLE STATEMENT
Title Gajadā Pañjāba /
Statement of responsibility, etc. lekhaka Anūpa Siṅgha "Pradosī" [sic].
250 ## - EDITION STATEMENT
Edition statement 1. wāra.
260 ## - PUBLICATION, DISTRIBUTION, ETC.
Place of publication, distribution, etc. Ammritasara :
Name of publisher, distributor, etc. Bhāī Mehara Siṅgha Surindara Siṇgha,
Date of publication, distribution, etc. 1963.
300 ## - PHYSICAL DESCRIPTION
Extent 130 p. ;
Dimensions 20 cm.
500 ## - GENERAL NOTE
General note Poems.
546 ## - LANGUAGE NOTE
Language note In Panjabi.

No items available.

Powered by Koha